[Event "BCF-chT4 2223 (4NCL)"]
[Site "England"]
[Date "2023.01.08"]
[Round "4.81"]
[White "Gill, Oliver"]
[Black "Abbott, Nathan J"]
[Result "1-0"]
[WhiteElo "2106"]
[BlackElo "1959"]
[PlyCount "59"]
[EventDate "2022.11.05"]
[EventType "team-swiss"]
[EventRounds "11"]
[EventCountry "ENG"]
[SourceTitle "EXT 2024"]
[Source "ChessBase"]
[SourceDate "2023.10.10"]
[SourceVersion "1"]
[SourceVersionDate "2023.10.10"]
[SourceQuality "1"]
[WhiteTeam "Wessex Some Stars"]
[BlackTeam "Anglian Avengers II"]
[WhiteTeamCountry "ENG"]
[BlackTeamCountry "ENG"]

1. e4 e5 2. Nf3 Nc6 3. Bb5 a6 4. Bxc6 dxc6 5. d4 f6 6. dxe5 Qxd1+ 7. Kxd1 Bg4 8. Nbd2 0-0-0 9. Ke2 Re8 10. h3 Bh5 11. g4 Bg6 12. Nh4 Bf7 13. exf6 Nxf6 14. f3 g6 15. Ng2 Bg7 16. Ne3 Re7 17. c4 Rhe8 18. Rb1 Bh6 19. b3 Nd7 20. Bb2 Nf8 21. Ba3 Rd7 22. Bxf8 Rxf8 23. Rbd1 Be6 24. Rhf1 Bg5 25. Ng2 h5 26. f4 hxg4 27. fxg5 Rxf1 28. Rxf1 gxh3 29. Nf4 Bg4+ 30. Ke3 1-0

[Event "Blackpool op 42nd"]
[Site "Blackpool"]
[Date "2018.03.11"]
[Round "5"]
[White "Bak, Andrew"]
[Black "Gill, Oliver"]
[Result "1/2-1/2"]
[WhiteElo "1996"]
[BlackElo "2129"]
[PlyCount "131"]
[EventDate "2018.03.09"]
[EventType "swiss"]
[EventRounds "5"]
[EventCountry "ENG"]
[SourceTitle "CBM 183 Extra"]
[Source "ChessBase"]
[SourceDate "2018.04.19"]
[SourceVersion "1"]
[SourceVersionDate "2018.04.19"]
[SourceQuality "1"]

1. d4 Nc6 2. c4 e5 3. Nf3 e4 4. d5 exf3 5. dxc6 fxg2 6. cxd7+ Qxd7 7. Qxd7+ Bxd7 8. Bxg2 0-0-0 9. 0-0 Ne7 10. e4 Nc6 11. b3 f5 12. Nc3 Bc5 13. Be3 Bd4 14. Bxd4 Nxd4 15. Rfd1 c5 16. Nd5 fxe4 17. Bxe4 Rde8 18. f3 Rhf8 19. Kg2 Bc6 20. Rd2 Bxd5 21. Bxd5 b6 22. b4 Kc7 23. Be4 h6 24. Rb1 Kd6 25. a4 g5 26. Kg3 h5 27. h3 Re7 28. Ra1 g4 29. hxg4 hxg4 30. Ra3 gxf3 31. Bxf3 Rg7+ 32. Kf2 Rgf7 33. Kg2 Rf4 34. bxc5+ Kxc5 35. Bd5 R8f6 36. Rg3 Rh4 37. Rg7 a5 38. Rb2 Rhh6 39. Rc7+ Nc6 40. Rb5+ Kd4 41. Bxc6 Rxc6 42. Rxc6 Rxc6 43. Kf2 Rxc4 44. Rxb6 Rxa4 45. Ke2 Kc3 46. Rc6+ Kb2 47. Kd3 Ra3+ 48. Kd2 Rb3 49. Rc2+ Ka3 50. Kc1 a4 51. Rc8 Rh3 52. Rb8 Rh1+ 53. Kc2 Rh2+ 54. Kb1 Rh1+ 55. Kc2 Ka2 56. Rb2+ Ka1 57. Rb4 a3 58. Rb8 a2 59. Rb7 Rh2+ 60. Kc1 Rh1+ 61. Kc2 Rb1 62. Ra7 Rb2+ 63. Kc1 Rb8 64. Rc7 Rh8 65. Rc6 Rc8 66. Rxc8 1/2-1/2

[Event "GBR-ch 103rd"]
[Site "Bournemouth"]
[Date "2016.07.25"]
[Round "1"]
[White "Gill, Oliver"]
[Black "Arkell, Keith C"]
[Result "1/2-1/2"]
[WhiteElo "2102"]
[BlackElo "2455"]
[PlyCount "113"]
[EventDate "2016.07.25"]
[EventType "swiss"]
[EventRounds "11"]
[EventCountry "ENG"]
[SourceTitle "CBM 173 Extra"]
[Source "ChessBase"]
[SourceDate "2016.08.29"]
[SourceVersion "1"]
[SourceVersionDate "2016.08.29"]
[SourceQuality "1"]

1. e4 g6 2. d4 Bg7 3. Nc3 a6 4. Be3 b5 5. d5 d6 6. g4 c5 7. a3 Nf6 8. f3 e6 9. dxe6 Bxe6 10. e5 Nfd7 11. exd6 Nc6 12. Bg2 0-0 13. Nge2 Re8 14. 0-0 Bc4 15. Qd2 Nd4 16. Rfe1 Rxe3 17. Qxe3 Nxc2 18. Qe4 Nxa1 19. Rxa1 Nf6 20. Qc6 Qc8 21. f4 Qxc6 22. Bxc6 Rd8 23. g5 Nh5 24. d7 b4 25. axb4 cxb4 26. Nd5 Bxd5 27. Bxd5 Rxd7 28. Bc4 Nxf4 29. Nxf4 Rd4 30. Rc1 Rxf4 31. b3 a5 32. Rf1 Be5 33. Kg2 Rg4+ 34. Kh3 Rxg5 35. Rxf7 Kh8 36. Rf8+ Kg7 37. Rf7+ Kh6 38. Ra7 Bd4 39. Rd7 Bg7 40. Rd5 Rxd5 41. Bxd5 a4 42. bxa4 Kg5 43. Kg2 Kf4 44. Kf2 Bd4+ 45. Ke2 g5 46. Kd3 Ke5 47. Bf3 b3 48. a5 b2 49. Kc2 Kf4 50. Bh5 g4 51. a6 Kg5 52. Be8 h5 53. Bf7 h4 54. Be6 Kf4 55. Bc8 h3 56. Bd7 Kf3 57. Bc8 1/2-1/2

[Event "BCF-chT3Sc 1516 (4NCL)"]
[Site "England"]
[Date "2016.05.01"]
[Round "10.55"]
[White "Rudd, Jack"]
[Black "Gill, Oliver"]
[Result "1/2-1/2"]
[WhiteElo "2255"]
[BlackElo "2083"]
[PlyCount "104"]
[EventDate "2016.03.20"]
[EventType "team-swiss"]
[EventRounds "11"]
[EventCountry "ENG"]
[SourceTitle "EXT 2017"]
[Source "ChessBase"]
[SourceDate "2016.10.25"]
[SourceVersion "1"]
[SourceVersionDate "2016.10.25"]
[SourceQuality "1"]
[WhiteTeam "West is Best"]
[BlackTeam "Wessex"]
[WhiteTeamCountry "ENG"]
[BlackTeamCountry "ENG"]

1. d4 d5 2. c4 e5 3. dxe5 d4 4. e4 Nc6 5. f4 f6 6. e6 Bxe6 7. a3 a5 8. b3 Bf7 9. Bd3 g5 10. Nh3 h6 11. 0-0 Qd7 12. Qe1 g4 13. Nf2 Nge7 14. e5 f5 15. Nd2 h5 16. Bc2 Nd8 17. Nd3 Ne6 18. Bb2 c5 19. b4 b6 20. Qd1 Nc6 21. Ba4 Be7 22. bxc5 bxc5 23. Bb5 0-0 24. Qa4 Be8 25. Rab1 Qc7 26. Qc2 Ncd8 27. Bc1 Bc6 28. Bxc6 Nxc6 29. Rb5 Na7 30. Rb3 Kg7 31. Rf2 Kg6 32. Nf1 h4 33. Qb1 Rfb8 34. Rfb2 Nc6 35. Rb7 Qc8 36. Bd2 Bd8 37. Nf2 Rxb7 38. Rxb7 Rb8 39. Rb5 Rxb5 40. Qxb5 Kf7 41. Nd3 Be7 42. Nc1 Qa8 43. Kf2 h3 44. gxh3 gxh3 45. Qb3 Nxe5 46. Qxh3 Ng4+ 47. Kg1 Qe4 48. Nd3 Bd6 49. Qh5+ Kf6 50. Qh8+ Kf7 51. Qh5+ Kf6 52. Qh8+ Kf7 1/2-1/2

[Event "BCF-chT3Sb 1516 (4NCL)"]
[Site "England"]
[Date "2016.01.17"]
[Round "4.125"]
[White "Amato, Giampiero"]
[Black "Gill, Oliver"]
[Result "0-1"]
[WhiteElo "2004"]
[BlackElo "2083"]
[PlyCount "88"]
[EventDate "2015.11.14"]
[EventType "team-swiss"]
[EventRounds "7"]
[EventCountry "ENG"]
[SourceTitle "CBM 170 Extra"]
[Source "ChessBase"]
[SourceDate "2016.02.25"]
[SourceVersion "1"]
[SourceVersionDate "2016.02.25"]
[SourceQuality "1"]
[WhiteTeam "CSC Rhinos II"]
[BlackTeam "Wessex"]
[WhiteTeamCountry "ENG"]
[BlackTeamCountry "ENG"]

1. e4 e5 2. Nf3 Nf6 3. Nxe5 d6 4. Nf3 Nxe4 5. d4 d5 6. Bd3 Bd6 7. 0-0 0-0 8. c4 c6 9. cxd5 cxd5 10. Nc3 Nxc3 11. bxc3 Bg4 12. Rb1 Nd7 13. Rb5 Nb6 14. h3 Bh5 15. c4 Bxf3 16. Qxf3 dxc4 17. Be4 Qd7 18. Rh5 g6 19. Rh4 Rab8 20. Bh6 Be7 21. Bxf8 Bxh4 22. Bc5 f5 23. Qf4 Re8 24. Bf3 Bf6 25. Rb1 Nd5 26. Qc1 b5 27. Bxa7 Ra8 28. Bc5 Rxa2 29. Ra1 Rxa1 30. Qxa1 Nc7 31. Qa7 c3 32. Bd1 Be7 33. Bb3+ Kg7 34. Bb6 Bd6 35. Qb8 Nd5 36. Qa7 Qxa7 37. Bxa7 Nb4 38. d5 c2 39. Bd4+ Kf7 40. Be3 Be5 41. d6+ Ke8 42. Be6 Bxd6 43. Kf1 Nd3 44. Ke2 c1Q 0-1

[Event "GBR-ch Major 102nd"]
[Site "Coventry"]
[Date "2015.07.29"]
[Round "3"]
[White "Gill, Oliver"]
[Black "Jaunooby, Ali Reza"]
[Result "0-1"]
[WhiteElo "2037"]
[BlackElo "2181"]
[PlyCount "118"]
[EventDate "2015.07.27"]
[EventType "swiss"]
[EventRounds "11"]
[EventCountry "ENG"]
[SourceTitle "CBM 167 Extra"]
[Source "ChessBase"]
[SourceDate "2015.09.14"]
[SourceVersion "1"]
[SourceVersionDate "2015.09.14"]
[SourceQuality "1"]

1. e4 c5 2. b3 Nc6 3. Bb2 d6 4. Nc3 Nf6 5. Bc4 e6 6. Nf3 a6 7. a4 d5 8. exd5 exd5 9. Be2 d4 10. Nb1 Bd6 11. 0-0 0-0 12. Na3 Bc7 13. Re1 Bf5 14. d3 Nd5 15. Nc4 Qf6 16. a5 Rae8 17. Bf1 Bg4 18. Rxe8 Rxe8 19. h3 Bxf3 20. Qxf3 Qxf3 21. gxf3 Ncb4 22. Nb6 Nxb6 23. axb6 Bxb6 24. c3 Nc2 25. Rc1 Ne1 26. cxd4 Nxf3+ 27. Kg2 Nxd4 28. Bxd4 cxd4 29. Rc4 Kf8 30. Kg3 Rd8 31. Bg2 Rd7 32. Kf3 Ke7 33. Ke2 Kd8 34. Rb4 Kc7 35. Rc4+ Kb8 36. Bf3 f5 37. b4 g5 38. Kf1 Re7 39. Bh5 Re6 40. Bf7 Rh6 41. Kg2 g4 42. hxg4 fxg4 43. Kg3 Rf6 44. Bd5 h5 45. Rc2 Bc7+ 46. Kh4 Bd6 47. Be4 Bxb4 48. Kxh5 Be1 49. Kxg4 Bxf2 50. Bf5 Be3 51. Rc8+ Ka7 52. Rc7 a5 53. Be4 Rb6 54. Kf3 Rb2 55. Bd5 Bd2 56. Ke4 Bc3 57. Rc4 Re2+ 58. Kf5 Kb6 59. Be6 Re3 0-1

[Event "BCF-ch Major op"]
[Site "Aberystwyth"]
[Date "2014.07.30"]
[Round "9"]
[White "Whitehead, Mark A"]
[Black "Gill, Oliver"]
[Result "1/2-1/2"]
[WhiteElo "2015"]
[BlackElo "2029"]
[PlyCount "90"]
[EventDate "2014.07.21"]
[EventType "swiss"]
[EventRounds "11"]
[EventCountry "WLS"]
[SourceTitle "EXT 2017"]
[Source "ChessBase"]
[SourceDate "2016.10.25"]
[SourceVersion "1"]
[SourceVersionDate "2016.10.25"]
[SourceQuality "1"]

1. e4 e5 2. Nf3 Nf6 3. Nxe5 d6 4. Nf3 Nxe4 5. Qe2 Qe7 6. d3 Nf6 7. Bg5 Qxe2+ 8. Bxe2 Be7 9. Nc3 c6 10. 0-0-0 Na6 11. Rhe1 Nc7 12. Ne4 Nxe4 13. dxe4 Bxg5+ 14. Nxg5 f6 15. Nf3 Ke7 16. Nd4 Be6 17. f4 Rad8 18. Bf3 Rhe8 19. g3 Bd7 20. Re2 g6 21. Rde1 c5 22. Nb3 b6 23. Nd2 Kf7 24. c3 Re7 25. b3 b5 26. e5 d5 27. exf6 Rxe2 28. Rxe2 Kxf6 29. c4 bxc4 30. bxc4 dxc4 31. Ne4+ Kf7 32. Nxc5 Bf5 33. g4 Bd3 34. Re3 Nd5 35. Bxd5+ Rxd5 36. Nxd3 cxd3 37. Kd2 Ra5 38. Rxd3 Rxa2+ 39. Ke3 h5 40. h3 a5 41. gxh5 gxh5 42. Ke4 a4 43. Ke5 a3 44. Rd7+ Ke8 45. Ra7 Ra1 1/2-1/2

[Event "BCF-ch Major op"]
[Site "Aberystwyth"]
[Date "2014.07.22"]
[Round "2"]
[White "Gill, Oliver"]
[Black "Willson, Ollie"]
[Result "1-0"]
[WhiteElo "2029"]
[BlackElo "1875"]
[PlyCount "85"]
[EventDate "2014.07.21"]
[EventType "swiss"]
[EventRounds "11"]
[EventCountry "WLS"]
[SourceTitle "EXT 2017"]
[Source "ChessBase"]
[SourceDate "2016.10.25"]
[SourceVersion "1"]
[SourceVersionDate "2016.10.25"]
[SourceQuality "1"]

1. e4 c5 2. b3 Nc6 3. Bb2 d6 4. Nc3 Nf6 5. f4 e6 6. Qf3 Nd4 7. Qd3 Be7 8. Nf3 Nxf3+ 9. Qxf3 0-0 10. g4 d5 11. g5 dxe4 12. Nxe4 Nxe4 13. Qxe4 Qd5 14. Bg2 Rd8 15. 0-0-0 Qxe4 16. Bxe4 Bd6 17. Rhf1 Re8 18. d4 a5 19. Ba3 a4 20. Bxc5 Bc7 21. Kb2 Rb8 22. h4 b6 23. Bb4 Ba6 24. Bd3 b5 25. Be4 Bb6 26. c3 Rbc8 27. Rd2 Red8 28. h5 Rd7 29. g6 f5 30. gxh7+ Kxh7 31. Bc2 Ra7 32. Re1 Re8 33. Rxe6 Rxe6 34. Bxf5+ Kh6 35. Bxe6 Bc7 36. f5 Bb7 37. d5 Bd8 38. Bc5 Ra6 39. Be3+ Kh7 40. h6 gxh6 41. Rh2 b4 42. Rxh6+ Kg7 43. Rg6+ 1-0